Music Quiz

Random Music or Rock Quiz

Beer Songs? Quiz Stats

 Plays Quiz Updated Dec 9, 2012

Also try: Sporcle On TV
Challenge
Share
Tweet
Embed
Score 0/50 Timer 05:00
5 Plays Today
% Correct
Woman
90.8%
Babe
86.8%
World
85.8%
Dance
85.6%
You
85.5%
Child
84.5%
Hand
84.1%
Brown
81.2%
Girl
80.1%
Purple
79.6%
Times
79.4%
Queen
79.1%
Enough
78.4%
Bombs
76.5%
Time
76.1%
Rock
75.2%
Boom
75.1%
Kissed
73.3%
Message
73.2%
Thing
73.2%
California
72.7%
River
71%
One
69.4%
Boys
68.4%
Help
67.1%
% Correct
Bag
67%
Beat
66.9%
Start
66.6%
Everything
65.6%
Lovin'
64.5%
He's
64%
Miles
63.4%
Me
63.3%
Flowers
63.2%
Problems
63.2%
Be
62%
Sunshine
58.9%
Back
56.2%
Hold
56%
Love
55.9%
Even
55.7%
Day
55.7%
Way
54.2%
Dear
51.3%
Friday
49.4%
Ladies
48.6%
Man
44.2%
It
39.8%
Heaven
35.7%
Factory
34.3%

You're not logged in!

Compare scores with friends on all Sporcle quizzes.
Join for Free
OR
Log In

You Might Also Like...

Show Comments

Extras

Top Quizzes Today


Score Distribution

Your Account Isn't Verified!

In order to create a playlist on Sporcle, you need to verify the email address you used during registration. Go to your Sporcle Settings to finish the process.

Report this User

Report this user for behavior that violates our Community Guidelines.

Details: